000 00756 a2200253 4500
003 CBULib
005 20250131093223.0
008 250131b |||||||| |||| 00| 0 eng d
020 _a9781912906185
040 _bEnglish
_cCBULib
_erda
050 _aLB 1025.3 Mcc
100 _aMcCourt, Mark
245 _aTeaching for mastery
_c/ by Mark McCourt
260 _bJohn Catt,
_c2019
_aWoodbridge :
300 _a328 pages : illustrations (some color)
336 _2rdacontent
_aText |
_btxt
337 _2rdamedia
_aUnmediated |
_bn
338 _2rdacarrier
_aVolume
_bnc
500 _aIncludes bibliographical references
650 0 _94257
_aEFFECTIVE TEACHING
650 0 _94329
_aTEACHERS - PSYCHOLOGY
650 0 _94185
_aTEACHING
942 _2lcc
_c002
999 _c85982
_d85982